Property and information technology: the future for the offices market (Record no. 95025)

MARC details
000 -LEADER
fixed length control field 00471cam a2200181 4500
001 - CONTROL NUMBER
control field D2126
008 - FIXED-LENGTH DATA ELEMENTS--GENERAL INFORMATION
fixed length control field 090401t1983 xxu||||| |||| 00| 0 eng d
035 ## - SYSTEM CONTROL NUMBER
System control number (Sirsi) u67540
041 ## - LANGUAGE CODE
Language code of text/sound track or separate title eng
050 ## - LIBRARY OF CONGRESS CALL NUMBER
Classification number 001.64
110 ## - MAIN ENTRY--CORPORATE NAME
Corporate name or jurisdiction name as entry element C.A.L.U.S.
9 (RLIN) 1849
245 ## - TITLE STATEMENT
Title Property and information technology: the future for the offices market
260 ## - PUBLICATION, DISTRIBUTION, ETC.
Place of publication, distribution, etc. Reading
Name of publisher, distributor, etc. College of Estate Management
Date of publication, distribution, etc. 1983
300 ## - PHYSICAL DESCRIPTION
Extent 76p. 30cm
350 ## - PRICE (NR) (BK AM CF MU VM SE) [OBSOLETE]
Price 8.5
942 ## - ADDED ENTRY ELEMENTS (KOHA)
Suppress in OPAC 0
948 ## - LOCAL PROCESSING INFORMATION (OCLC); SERIES PART DESIGNATOR (RLIN)
c (OCLC) 04/03/1997
Holdings
Withdrawn status Lost status Source of classification or shelving scheme Damaged status Not for loan Home library Current library Shelving location Date acquired Cost, normal purchase price Total Checkouts Full call number Barcode Date last seen Copy number Cost, replacement price Price effective from Koha item type
    Dewey Decimal Classification     London London Basement 14/09/1999 8.50   SHELF 205 30000579 06/08/2019 1 8.50 06/08/2019 Book